00989nam a2200205 a 450000100100000000500170001000800410002704000250006808200150009324501020010826000530021030000320026350001250029559000750042065100410049565100410053670000310057795201580060899900170076600003573520200930074553.0111109s1962 mx a 000 0 spa d aDO-SdBNPbspacBNPHU axxxxbxxxx00aMéxico, cincuenta años de revolución : :bIV. La cultura /cJaime Torres Bodet... [et al.]. aMéxico :bFondo de Cultura Económica,c1962. axv, 635 p. :bil. ;c24 cm. aLa obra completa consta de 4 volumenes:La economía (v.1), La vida social (v.2), La política (v.3), La cultura (v.4). aPerteneció a la biblioteca personal de Juan Isidro Jimenes Grullón 0aMéxicoxHistoriay1910-1946924481 0aMéxicoxHistoriay1946-19709616741 aTorres Bodet, Jaime961675 0010507-18MOaGRbGRcOId2011-11-09iLF1l0oxxxx xxxxp35735-10r2020-06-25w2020-06-25y1zBiblioteca Juan Isidro Jiménes GrullónZNo se presta c35226d35226